| 000 | 00777nam a2200217 a 4500 | ||
|---|---|---|---|
| 001 | 000001890 | ||
| 005 | 20200929145739.0 | ||
| 008 | 730220s1963 mx a 000 0 spa | ||
| 040 |
_aDO-SdBNP _bspa _cBNPHU |
||
| 082 |
_a510.7834 _bM132p |
||
| 100 | 1 |
_aMcCracken, Daniel D. _96169 |
|
| 245 | 1 | 0 |
_aProgramación Algol / _cDaniel D. McCracken ; colaboración del ingeniero Antonio Martín-Lunas Z. |
| 260 |
_aMéxico : _bLimusa, _c1963. |
||
| 300 |
_a122 p. : _bil. ; _c28 cm. |
||
| 490 | 1 | _aProgramación. | |
| 534 |
_aTítulo original: _tA guide to Algol programming. |
||
| 650 | 4 |
_aProgramación (computadores electrónicos) _93871 |
|
| 650 | 4 |
_aAlgol (lenguaje de programación de computadores) _96170 |
|
| 700 | 1 |
_aMartín-Lunas, Antonio _96171 |
|
| 740 | 0 | _aALGOL programming | |
| 999 |
_c1764 _d1764 |
||